|
|
|
|
| LEADER |
00000nam0a2200000 4500 |
| 001 |
138802 |
| 005 |
20231031141542.0 |
| 010 |
|
|
|a 9785255015696
|
| 035 |
|
|
|a (RuTPU)RU\TPU\book\150381
|
| 090 |
|
|
|a 138802
|
| 100 |
|
|
|a 20080529d2007 m y0rusy50 ca
|
| 101 |
1 |
|
|a rus
|c ger
|
| 102 |
|
|
|a RU
|
| 105 |
|
|
|a a z 000zy
|
| 200 |
1 |
|
|a Соленое тесто. Увлекательное моделирование
|e пер. с нем.
|f И. Кискальт
|
| 210 |
|
|
|a Москва
|c Профиздат
|d 2007
|
| 215 |
|
|
|a 80 с.
|c ил.
|
| 225 |
1 |
|
|a Идея за идеей
|
| 225 |
1 |
|
|a Тайны ремёсел
|
| 330 |
|
|
|a Эта книга из популярной серии "Идея за идеей" предлагает новую технику оформления фигурок из соленого теста. Техника изготовления и окрашивания моделей подробно описана в тексте и показана на рисунках.В книге вы найдете многочисленные советы и рекомендации по моделированию и украшению фигурок из соленого теста.
|
| 610 |
1 |
|
|a искусство
|
| 610 |
1 |
|
|a декоративно-прикладное искусство
|
| 610 |
1 |
|
|a рукоделие
|
| 610 |
1 |
|
|a моделирование
|
| 610 |
1 |
|
|a детское творчество
|
| 610 |
1 |
|
|a соленое тесто
|
| 675 |
|
|
|a 745/.749
|v 3
|
| 700 |
|
1 |
|a Кискальт
|b И.
|g Изольда
|
| 801 |
|
1 |
|a RU
|b 63413507
|c 20080529
|g PSBO
|
| 801 |
|
2 |
|a RU
|b 63413507
|c 20181205
|g PSBO
|
| 942 |
|
|
|c BK
|